Caricamento...
History continues
| Autore principale: | |
|---|---|
| Natura: | Printed Book |
| Pubblicazione: |
Chicago
University of Chicago Press
1994
|
| Soggetti: |
| LEADER | 00449nam a22001457a 4500 | ||
|---|---|---|---|
| 020 | |a 9780226167824 | ||
| 082 | |a 940.1 |b DUB/H | ||
| 100 | |a Duby, Georges | ||
| 245 | |a History continues | ||
| 260 | |a Chicago |b University of Chicago Press |c 1994 | ||
| 300 | |a 149 | ||
| 650 | |a Histeriography | ||
| 942 | |c BK | ||
| 999 | |c 39731 |d 39731 | ||
| 952 | |0 0 |1 0 |4 0 |6 940_100000000000000_DUBH |7 0 |8 Stack |9 42328 |a KUCL |b KUCL |d 2016-06-03 |l 0 |o 940.1 DUB/H |p 40968 |r 2016-06-03 |w 2016-06-03 |y BK | ||